• 首页
  • 本馆介绍
  • 公告通知
  • 最新文献
  • 馆藏检索
  • 电子资源
  • 读者导购
  • 参考咨询
  • 我的图书馆
  • 登录
  • 详细信息显示
  • 放入我的书架
  • 预约/预借图书
  • 作者相关作品
  • 分类相关作品
  • 丛书相关作品
  • 出版社相关作品

书目信息

  • 表格格式
  • 工作单格式
  • 卡片格式
题名:
李杜论略
    
 
作者: 罗宗强 著
分册:  
出版信息: 北京   中华书局  2019.7
页数: 266页
开本: 22cm
丛书名:
单 册:
中图分类: I207.22 , I207.227.423
科图分类:
主题词: 杜诗--du shi--诗歌研究
电子资源:
ISBN: 978-7-101-13762-0
000 00892nam0 2200277 450
001 2131047887
005 20211029202829.0
010    @a978-7-101-13762-0@dCNY28.00
100    @a20190910d2019 em y0chiy0120 ea
101 0  @achi
102    @aCN@b110000
105    @ay z 000yy
106    @ar
200 1  @a李杜论略@Ali du lun lue@f罗宗强著
210    @a北京@c中华书局@d2019.7
215    @a266页@d22cm
300    @a罗宗强文集
314    @a版权页题:罗宗强著
330    @a本书首先对李杜优劣论作了历史回顾,接着分章对李白与杜甫的政治思想、生活理想、文学思想、创作方法、艺术风格和艺术表现手法作了详细的比较。
600  0 @a李白@Ali bai@f(701-762)@x唐诗@x诗歌研究
606 0  @a杜诗@Adu shi@x诗歌研究
690    @aI207.22@v5
690    @aI207.227.423@v5
701  0 @a罗宗强@Aluo zong qiang@f(1931~2020)@4著
801  0 @aCN@b百万庄@c20211029
905    @b1313215-18@dI207.22@e1437@f4
    
    李杜论略/罗宗强著.-北京:中华书局,2019.7
    266页;22cm
    罗宗强文集
    
    ISBN 978-7-101-13762-0:CNY28.00
    本书首先对李杜优劣论作了历史回顾,接着分章对李白与杜甫的政治思想、生活理想、文学思想、创作方法、艺术风格和艺术表现手法作了详细的比较。
●
相关链接 在E读中查询图书 在五车中查询图书 在当当中查询图书 在豆瓣中查询图书


正题名:李杜论略     索取号:I207.22/1437         预约/预借

序号 登录号 条形码 馆藏地/架位号 状态 备注
1 1313215   213132153   第一样本阅览室/ [索取号:I207.22/1437] 在馆    
2 1313216   213132162   第二借阅区/ [索取号:I207.22/1437] 在馆    
3 1313217   213132171   第二借阅区/ [索取号:I207.22/1437] 在馆    
4 1313218   213132180   第二借阅区/ [索取号:I207.22/1437] 在馆    
唐山师范学院图书馆 欢迎您!
大连网信软件有限公司© 版权所有